000 00326nam a2200145Ia 4500
100 _aBucek/Victor J
942 _cRB
654 _adiscrete
245 _aControl system:continuous and discrete
260 _bprentice hall
_aNew Jersey
_c1989
082 _a629.8312
_bBUC
300 _a300
546 _aENGLISH
999 _c31583
_d31583